[Event "Naturns3-Tramin/Kaltern2"]
[Site "?"]
[Date "2016.01.09"]
[Round "5.1"]
[White "Unterkofler, Alex"]
[Black "Wielander, Wolfgang"]
[Result "1/2-1/2"]
[WhiteElo "1730"]
[BlackElo "1430"]
[PlyCount "48"]
[EventDate "2016.??.??"]

1. e4 c5 2. c3 d6 3. d4 cxd4 4. cxd4 e6 5. f4 Be7 6. Nf3 Nf6 7. Nc3 a6 8. Bd3
O-O 9. O-O Nc6 10. h3 b5 11. e5 Nd7 12. Ne4 dxe5 13. fxe5 Nb6 14. Be3 Nd5 15.
Bf2 Bb7 16. Rc1 Rc8 17. Nc5 Bxc5 18. dxc5 Nf4 19. Be4 Qxd1 20. Rfxd1 Rfd8 21.
Bh4 Rxd1+ 22. Rxd1 Ng6 23. Bf2 Ba8 24. Bxc6 Bxc6 1/2-1/2

[Event "Ridnaun-Brixen"]
[Site "?"]
[Date "2016.01.09"]
[Round "5.1"]
[White "Sader, Michael"]
[Black "Aigner, Helmut"]
[Result "1/2-1/2"]
[WhiteElo "2150"]
[BlackElo "1858"]
[PlyCount "42"]
[EventDate "2016.??.??"]

1. Nf3 d5 2. c4 c6 3. d4 Nf6 4. Nc3 e6 5. g3 Nbd7 6. Bg2 dxc4 7. O-O Be7 8. e4
O-O 9. Qe2 b5 10. e5 Nd5 11. Ne4 a5 12. h4 Ba6 13. Nfg5 h6 14. Qg4 hxg5 15.
hxg5 g6 16. Qh4 f5 17. gxf6 N7xf6 18. Nxf6+ Bxf6 19. Qg4 Qe8 20. Bh6 Bg7 21.
Bxg7 Kxg7 1/2-1/2

[Event "Steinegg-Ehrenburg"]
[Site "?"]
[Date "2016.01.09"]
[Round "5.1"]
[White "Babinetz, Rainer"]
[Black "Engl, Stefan"]
[Result "0-1"]
[WhiteElo "1961"]
[BlackElo "1920"]
[PlyCount "46"]
[EventDate "2016.??.??"]

1. d4 e6 2. c4 f5 3. e4 fxe4 4. Nc3 Nf6 5. f3 d5 6. fxe4 dxe4 7. Nge2 Nc6 8.
Be3 Be7 9. Ng3 O-O 10. Be2 e5 11. d5 Nd4 12. Bxd4 exd4 13. Qxd4 b6 14. Ncxe4
Nxe4 15. Nxe4 Bb4+ 16. Kd1 Qe8 17. Kc2 Rf4 18. Bd3 Bf5 19. Nf6+ gxf6 20. Qxf4
Qe2+ 21. Kb3 Qxd3+ 22. Kxb4 a5+ 23. Ka4 Bd7# 0-1

[Event "Steinegg-Ehrenburg"]
[Site "?"]
[Date "2016.01.09"]
[Round "5.2"]
[White "Engl, Alexander"]
[Black "Steger, Gerhard"]
[Result "1-0"]
[WhiteElo "1851"]
[BlackElo "1924"]
[PlyCount "51"]
[EventDate "2016.??.??"]

1. e4 c6 2. d4 d5 3. Nd2 dxe4 4. Nxe4 Nf6 5. Ng3 h5 6. h4 Bg4 7. Be2 e6 8. Bg5
Qa5+ 9. c3 Nbd7 10. Bxg4 Nxg4 11. Nh3 f6 12. Bd2 O-O-O 13. Qb3 Qc7 14. Nf4 Re8
15. Nge2 e5 16. Ng6 exd4 17. cxd4 Rh6 18. Bxh6 gxh6 19. Nxf8 Nxf8 20. Qf3 Qa5+
21. Kf1 Qd2 22. Qf5+ Nd7 23. Re1 Qe3 24. Qxd7+ Kxd7 25. fxe3 Nxe3+ 26. Kf2 1-0

[Event "Steinegg-Ehrenburg"]
[Site "?"]
[Date "2016.01.09"]
[Round "5.3"]
[White "Flatscher, Tobias"]
[Black "Pichler, Martin"]
[Result "1/2-1/2"]
[WhiteElo "1749"]
[BlackElo "1641"]
[PlyCount "67"]
[EventDate "2016.??.??"]

1. c4 g6 2. g3 Bg7 3. Nc3 Nf6 4. Bg2 d6 5. e4 e5 6. Nge2 O-O 7. O-O Nc6 8. d3
Ne7 9. h3 Nd7 10. Be3 f5 11. Qd2 Nf6 12. Nd5 Nexd5 13. cxd5 Rf7 14. Rac1 Qf8
15. Rc2 h6 16. Rfc1 Ne8 17. f4 Kh7 18. b3 Bf6 19. Kh2 Qg7 20. fxe5 dxe5 21. Bc5
b6 22. Bb4 Bg5 23. Qd1 Bxc1 24. Qxc1 Bb7 25. Bc3 fxe4 26. Bxe4 Nd6 27. Nf4 Nxe4
28. dxe4 g5 29. Ne6 Qf6 30. Qb2 Qf3 31. Bxe5 Qxe4 32. Rxc7 Rxc7 33. Bxc7 Rg8
34. Qf6 1/2-1/2

[Event "Steinegg-Ehrenburg"]
[Site "?"]
[Date "2016.01.09"]
[Round "5.4"]
[White "Lantschner, Carmen"]
[Black "Gruber, Alexander"]
[Result "0-1"]
[WhiteElo "1618"]
[BlackElo "1750"]
[PlyCount "76"]
[EventDate "2016.??.??"]

1. e4 c6 2. d4 d5 3. exd5 cxd5 4. Nc3 Bf5 5. Bd3 Bxd3 6. Qxd3 e6 7. Bf4 a6 8.
Nf3 Nf6 9. O-O Bd6 10. Ne2 O-O 11. b3 Nc6 12. Rfd1 Nb4 13. Qd2 Ne4 14. Qc1 Bxf4
15. Nxf4 Nc3 16. Qd2 Qc7 17. Rdc1 Nbxa2 18. Re1 Ne4 19. Rxe4 dxe4 20. Rxa2 exf3
21. gxf3 Rfd8 22. Ne2 b5 23. Qd3 Rd6 24. c4 bxc4 25. bxc4 a5 26. Nc3 Qd7 27.
Nb5 Rda6 28. c5 Qd5 29. Ra4 Rc6 30. Qc3 e5 31. Nd6 Qxd6 32. cxd6 Rxc3 33. dxe5
Kf8 34. f4 Rb3 35. f5 Rb4 36. Ra3 Re4 37. f4 Rxf4 38. e6 Rxf5 0-1

[Event "Steinegg-Ehrenburg"]
[Site "?"]
[Date "2016.01.09"]
[Round "5.5"]
[White "Mairhofer, Lino"]
[Black "Lantschner, Alexander"]
[Result "1-0"]
[WhiteElo "1737"]
[BlackElo "1465"]
[PlyCount "35"]
[EventDate "2016.??.??"]

1. e4 e5 2. f4 exf4 3. Nf3 Bc5 4. d4 Bb6 5. Bxf4 d6 6. Bc4 Bg4 7. c3 Ne7 8.
Bxf7+ Kd7 9. Ne5+ dxe5 10. Qxg4+ Kc6 11. Bxe5 Qd7 12. d5+ Kc5 13. Bd4+ Kb5 14.
Qe2+ Ka5 15. b4+ Ka4 16. Qc4 Ng6 17. b5+ Ka5 18. Qb4# 1-0

[Event "Ehrenburg-Lana"]
[Site "?"]
[Date "2016.01.09"]
[Round "5.1"]
[White "Innerhofer, Stefan"]
[Black "Ploner, Heinz"]
[Result "1/2-1/2"]
[WhiteElo "1584"]
[BlackElo "1625"]
[PlyCount "62"]
[EventDate "2016.??.??"]

1. f4 Nf6 2. Nf3 g6 3. e3 Bg7 4. Nc3 O-O 5. d4 d5 6. Be2 c5 7. dxc5 Qa5 8. O-O
Qxc5 9. Nd4 a6 10. Bf3 e6 11. Nce2 Bd7 12. Bd2 Bb5 13. a3 Bxe2 14. Qxe2 Re8 15.
Bc3 Nc6 16. Nxc6 bxc6 17. Bd4 Qe7 18. Be5 Nd7 19. Bxg7 Kxg7 20. Qd2 c5 21. e4
dxe4 22. Bxe4 Rad8 23. Bc6 Kg8 24. Qe2 Qd6 25. Bxd7 Qxd7 26. Rad1 Qb5 27. Qxb5
axb5 28. Kf2 Rd5 29. Rxd5 exd5 30. Re1 Kf8 31. Rxe8+ Kxe8 1/2-1/2